| 000 | 00911cab a22002175a 4500 | ||
|---|---|---|---|
| 001 | L136934 | ||
| 008 | 070305e20061014xxk f v 000 0 eng d | ||
| 035 | _a(Sirsi) u136934 | ||
| 041 | 0 | _aeng | |
| 100 | 1 | _aCrosbie, Neil | |
| 245 | 0 | 0 | _aMajor shift in the valuation approach |
| 260 | _c2007 | ||
| 490 | 0 | 0 |
_aEstates Gazette _v(0641) 14 October 2006, 216-218(3) |
| 520 | _aExplains the law regarding deferment rates which will, following a recent Lands Tribunal decision, be calculated with reference to financial as well as property market evidence. | ||
| 650 | 2 | 4 | _aEARL CADOGAN AND ANOTHER V SPORTELLI AND ANOTHER |
| 650 | 2 | 4 | _aLEASEHOLD REFORM ACT 1967 |
| 651 | 4 |
_aEngland and Wales _y1543- |
|
| 690 | _aPROPERTY-RESIDENTIAL PROPERTY-LEASEHOLD RESIDENTIAL PROPERTY-RESIDENTIAL LANDLORD AND TENANT-RESIDENTIAL LEASES-RESIDENTIAL LEASEHOLD ENFRANCHISEMENT | ||
| 700 | 1 | _aPottinger, Gaye | |
| 942 | _n0 | ||
| 999 |
_c78496 _d78496 |
||